Szervezett bűnözés
Elmentve itt :
| Szerző: | |
|---|---|
| További közreműködők: | |
| Dokumentumtípus: | Szakdolgozat |
| Megjelent: |
1999
|
| Tárgyszavak: | |
| Online Access: | http://diploma.bibl.u-szeged.hu/24939 |
| LEADER | 00536nta a2200157 i 4500 | ||
|---|---|---|---|
| 001 | dipl24939 | ||
| 005 | 20130314083056.0 | ||
| 008 | 110905s1999 hu om 0|| zxx d | ||
| 040 | |a SZTE Diploma Repozitórium |b hun | ||
| 041 | |a zxx | ||
| 100 | 1 | |a Szöllősi Andrea | |
| 245 | 1 | 0 | |a Szervezett bűnözés |h [elektronikus dokumentum] / |c Andrea Szöllősi |
| 260 | |c 1999 | ||
| 650 | 4 | |a Jogi és igazgatási tanulmányok | |
| 700 | 1 | |a Kopasz Zsolt |e ths | |
| 856 | 4 | 0 | |u http://diploma.bibl.u-szeged.hu/id/eprint/24939/1/1999_szollosi_andrea.pdf |z Dokumentum-elérés |